The academic library (Record no. 6206)

MARC details
000 -LEADER
fixed length control field 00615nam a22001937a 4500
003 - CONTROL NUMBER IDENTIFIER
control field OSt
005 - DATE AND TIME OF LATEST TRANSACTION
control field 20251125101219.0
008 - FIXED-LENGTH DATA ELEMENTS--GENERAL INFORMATION
fixed length control field 251125b |||||||| |||| 00| 0 eng d
020 ## - INTERNATIONAL STANDARD BOOK NUMBER
International Standard Book Number 1-85604-374-6
040 ## - CATALOGING SOURCE
Original cataloging agency DWC-Main lib
Transcribing agency OC
082 ## - DEWEY DECIMAL CLASSIFICATION NUMBER
Classification number Circ. 027.7 B873a 2000
100 ## - MAIN ENTRY--PERSONAL NAME
Personal name Brophy, P.
245 ## - TITLE STATEMENT
Title The academic library
Statement of responsibility, etc. Brophy, Peter
260 ## - PUBLICATION, DISTRIBUTION, ETC.
Place of publication, distribution, etc. London :
Name of publisher, distributor, etc. Facet Publishing,
Date of publication, distribution, etc. c2000
300 ## - PHYSICAL DESCRIPTION
Extent ix, 213 pages :
Dimensions 23 cm
650 ## - SUBJECT ADDED ENTRY--TOPICAL TERM
Source of heading or term Academic libraries.
650 ## - SUBJECT ADDED ENTRY--TOPICAL TERM
Source of heading or term Academic libraries--Great Britain.
942 ## - ADDED ENTRY ELEMENTS (KOHA)
Source of classification or shelving scheme Dewey Decimal Classification
Koha item type Book Circulation
Classification part Circ. 027.7 B873a 2000
Call number prefix Circ.
Suppress in OPAC No
952 ## - LOCATION AND ITEM INFORMATION (KOHA)
--
Holdings
Withdrawn status Lost status Source of classification or shelving scheme Damaged status Not for loan Home library Current library Shelving location Date acquired Source of acquisition Total Checkouts Full call number Barcode Date last seen Copy number Price effective from Koha item type Uniform Resource Identifier
    Dewey Decimal Classification     College Library College Library Circulation 09/14/2005 School Fund   Circ. 027.7 B873a 2000 CL42425 11/25/2025 c1 11/25/2025 BK-CIRC